I concordati dal 2000 al 2009 / (Record no. 94113)

MARC details
000 -LEADER
campo de control de longitud fija 01314cam a2200421 a 4500
001 - NÚMERO DE CONTROL
campo de control 103205
005 - FECHA Y HORA DE LA ÚLTIMA TRANSACCIÓN
campo de control 20230410142342.0
008 - DATOS DE LONGITUD FIJA--INFORMACIÓN GENERAL
campo de control de longitud fija 100531s2010 vc bz 001 0 ita
035 ## - NÚMERO DE CONTROL DEL SISTEMA
Número de control de sistema 16268714
010 ## - NÚMERO DE CONTROL DE LA BIBLIOTECA DEL CONGRESO
Número de control de LC 2010412941
020 ## - NÚMERO INTERNACIONAL ESTÁNDAR DEL LIBRO
Número Internacional Estándar del Libro 9788820983505
035 ## - NÚMERO DE CONTROL DEL SISTEMA
Número de control de sistema (OCoLC)0620114980
035 ## - NÚMERO DE CONTROL DEL SISTEMA
Número de control de sistema (ItFiC)it10952711
040 ## - FUENTE DE CATALOGACIÓN
Centro catalogador/agencia de origen DLC
Centro/agencia transcriptor DLC
042 ## - CÓDIGO DE AUTENTICACIÓN
Código de autenticación pcc
050 14 - SIGNATURA TOPOGRÁFICA DE LA BIBLIOTECA DEL CONGRESO
Número de clasificación BX 1545
Número de ítem M379c 2010
082 00 - NÚMERO DE LA CLASIFICACIÓN DECIMAL DEWEY
Número de clasificación 261.7
100 1# - ENTRADA PRINCIPAL--NOMBRE DE PERSONA
Nombre de persona Martín de Agar y Valverde, José Tomás.
240 10 - TÍTULO UNIFORME
Título uniforme Treaties, etc.
245 12 - MENCIÓN DEL TÍTULO
Título I concordati dal 2000 al 2009 /
Mención de responsabilidad, etc. José T. Martín de Agar.
260 ## - PUBLICACIÓN, DISTRIBUCIÓN, ETC.
Lugar de publicación, distribución, etc. Città del Vaticano :
Nombre del editor, distribuidor, etc. Libreria Editrice Vaticana,
Fecha de publicación, distribución, etc. c2010.
300 ## - DESCRIPCIÓN FÍSICA
Extensión 317 p. ;
Dimensiones 21 cm.
440 #0 - MENCIÓN DE SERIE/PUNTO DE ACCESO ADICIONAL--TÍTULO
Título Collectio Vaticana ;
Designación de volumen o secuencia v. 6
440 #0 - MENCIÓN DE SERIE/PUNTO DE ACCESO ADICIONAL--TÍTULO
Título Testi legislativi ;
Designación de volumen o secuencia 5
500 ## - NOTA GENERAL
Nota general At head of title: Pontificia Universita della Santa Croce.
504 ## - NOTA DE BIBLIOGRAFÍA, ETC.
Nota de bibliografía, etc. Includes bibliographical references and indexes.
650 #0 - PUNTO DE ACCESO ADICIONAL DE MATERIA--TÉRMINO DE MATERIA
Término de materia o nombre geográfico como elemento de entrada Concordats.
650 #0 - PUNTO DE ACCESO ADICIONAL DE MATERIA--TÉRMINO DE MATERIA
Término de materia o nombre geográfico como elemento de entrada Concordats
Subdivisión geográfica Italy.
650 #0 - PUNTO DE ACCESO ADICIONAL DE MATERIA--TÉRMINO DE MATERIA
Término de materia o nombre geográfico como elemento de entrada Church and state
Subdivisión geográfica Italy.
650 #4 - PUNTO DE ACCESO ADICIONAL DE MATERIA--TÉRMINO DE MATERIA
Término de materia o nombre geográfico como elemento de entrada Concordatos
Subdivisión general Iglesia Católica
650 #4 - PUNTO DE ACCESO ADICIONAL DE MATERIA--TÉRMINO DE MATERIA
Término de materia o nombre geográfico como elemento de entrada Iglesia y estado
Subdivisión geográfica Italy.
650 #4 - PUNTO DE ACCESO ADICIONAL DE MATERIA--TÉRMINO DE MATERIA
Término de materia o nombre geográfico como elemento de entrada Concordatos.
650 #4 - PUNTO DE ACCESO ADICIONAL DE MATERIA--TÉRMINO DE MATERIA
Término de materia o nombre geográfico como elemento de entrada Primera Jornada de Catalogacion.
925 0# -
-- acquire
-- 1 shelf copy
-- LL default
942 ## - ELEMENTOS DE ENTRADA SECUNDARIOS (KOHA)
Fuente del sistema de clasificación o colocación Clasificación de Library of Congress
Tipo de ítem Koha
923 ## -
-- 20100524
-- 10-30464
-- 93001782
946 ## - PROCESAMIENTO DE INFORMACIÓN LOCAL (OCLC)
a NBM
Holdings
Estatus retirado Estado de pérdida Fuente del sistema de clasificación o colocación Estado de daño No para préstamo Colección Biblioteca de origen Biblioteca actual Ubicación en estantería Fecha de adquisición Serial enumeration / chronology Signatura topográfica completa Código de barras Visto por última vez Copia número Tipo de ítem Koha
    Clasificación de Library of Congress     Humanidades Biblioteca Juan Bosch Biblioteca Juan Bosch Humanidades (4to. Piso) 10/04/2023 1 BX 1545 M379c 2010 00000096581 17/11/2018 1